Vista normal
Vista MARC
Entrada Topical Term
Número de registros utilizados en: 1
001 - CONTROL NUMBER
- control field: 7765
003 - CONTROL NUMBER IDENTIFIER
- control field: OSt
005 - DATE AND TIME OF LATEST TRANSACTION
- control field: 20200723225944.0
008 - FIXED-LENGTH DATA ELEMENTS
- fixed length control field: 200723|| aca||aabn | a|a d
040 ## - CATALOGING SOURCE
- Original cataloging agency: OSt
- Transcribing agency: OSt
150 ## - HEADING--TOPICAL TERM
- Topical term or geographic name entry element: Desarrollo económico
670 ## - SOURCE DATA FOUND
- Source citation: Work cat.: (OSt)5587: Grupo Ad Hoc de Estudios por país de la CEPCIES sobre Colombia 7762, Situación económica, principales problemas y perspectivas de desarrollo de Colombia / , ©1975